[Event "East European zonal 3 (w)"]
[Site "Balatonfoldvar HUN"]
[Date "1987.??.??"]
[Round "15"]
[White "Ivanka, Maria"]
[Black "Erenska-Radzewska, Hanna"]
[Result "1-0"]
[WhiteElo "2290"]
[BlackElo "2300"]
[EventDate "1987.02.19"]
[PlyCount "93"]

1.Nf3 Nf6 2.g3 g6 3.b4 b6 4.Bg2 Bb7 5.Bb2 Bg7 6.O-O O-O 7.c4 c5 8.a3 Na6 
9.Qb3 d5 10.d3 d4 11.b5 Nc7 12.e3 dxe3 13.fxe3 Ne6 14.Nbd2 Bh6 15.Rfe1 Qd6
16.a4 Rad8 17.Ra3 Qc7 18.a5 Ng4 19.axb6 axb6 20.Nf1 Ra8 21.Rxa8 Rxa8 22.h3
Nf6 23.Be5 Qc8 24.Bb2 Ra7 25.e4 Nd7 26.Ne3 Qb8 27.Kh2 Nf6 28.Nd5 Qd8 29.
Ne5 Bf8 30.Nc6 Bxc6 31.bxc6 Nxd5 32.cxd5 Ng7 33.Rb1 Ne8 34.Bc3 Ra6 35.Qb5 
Nc7 36.Qb2 f6 37.d4 cxd4 38.Bxd4 b5 39.Ra1 Qa8 40.Rxa6 Qxa6 41.e5 Qa5 42.
Qf2 Ne8 43.d6 exd6 44.exf6 Qc7 45.Bd5+ Kh8 46.f7+ Ng7 47.Qf6 1-0

[Event "East European zonal 3 (w)"]
[Site "Balatonfoldvar HUN"]
[Date "1987.??.??"]
[Round "16"]
[White "Madl, Ildiko"]
[Black "Savova, Stefka"]
[Result "1-0"]
[WhiteElo "2350"]
[BlackElo "2245"]
[EventDate "1987.02.19"]
[PlyCount "77"]

1.e4 c5 2.Nf3 d6 3.d4 cxd4 4.Nxd4 Nf6 5.Nc3 a6 6.f4 e5 7.Nf3 Nbd7 8.a4 Be7
9.Bd3 O-O 10.O-O Nc5 11.Kh1 d5 12.Nxe5 dxe4 13.Bc4 Qxd1 14.Rxd1 Be6 15.
Bxe6 Nxe6 16.Be3 Rfd8 17.f5 Bc5 18.fxe6 Bxe3 19.exf7+ Kf8 20.Ne2 Ke7 21.c3
Bb6 22.Nc4 Bc7 23.Rxd8 Rxd8 24.Nd4 Kxf7 25.g3 Bb8 26.Re1 Ba7 27.Nf5 Bb8 
28.Nd4 Ba7 29.Nb3 Bf2 30.Re2 Rd1+ 31.Kg2 Ba7 32.Nbd2 Rg1+ 33.Kh3 h5 34.
Nd6+ Kg6 35.N2xe4 Ng4 36.Nxb7 Kh6 37.Nbd6 Bb6 38.b4 Bd8 39.Nf7+ 1-0

[Event "East European zonal 3 (w)"]
[Site "Balatonfoldvar HUN"]
[Date "1987.??.??"]
[Round "16"]
[White "Grosch, Maria"]
[Black "Szmacinska, Grazyna"]
[Result "1/2-1/2"]
[WhiteElo "2220"]
[BlackElo "2315"]
[EventDate "1987.02.19"]
[PlyCount "82"]

1.Nf3 d6 2.d4 g6 3.e4 Bg7 4.Be2 Nf6 5.Nc3 O-O 6.O-O Bg4 7.Be3 Re8 8.h3 
Bxf3 9.Bxf3 Nc6 10.d5 Ne5 11.Be2 c6 12.f4 Ned7 13.Bf3 Qc7 14.dxc6 bxc6 15.
Rb1 e5 16.Qd2 exf4 17.Bxf4 Ne5 18.b3 Rad8 19.Bg5 Qa5 20.Be2 Re6 21.Rbd1 
Rde8 22.Kh1 Nfd7 23.Na4 Qxd2 24.Rxd2 Nb6 25.Nxb6 axb6 26.Rfd1 Bf8 27.a4 h5
28.Bf4 Kg7 29.Ba6 f6 30.Bb7 c5 31.Bd5 R6e7 32.Bxe5 Rxe5 33.Bc6 Rc8 34.Bb7 
Rc7 35.Bd5 g5 36.g3 Kg6 37.Kg2 g4 38.hxg4 hxg4 39.Rh1 Rh7 40.Rxh7 Kxh7 41.
Rf2 Kg6 1/2-1/2

[Event "East European zonal 3 (w)"]
[Site "Balatonfoldvar HUN"]
[Date "1987.??.??"]
[Round "16"]
[White "Veroci-Petronic, Zsuzsa"]
[Black "Baumstark, Gertrude"]
[Result "1/2-1/2"]
[WhiteElo "2415"]
[BlackElo "2080"]
[EventDate "1987.02.19"]
[PlyCount "107"]

1.e4 c5 2.Nf3 Nc6 3.d4 cxd4 4.Nxd4 Nf6 5.Nc3 e5 6.Ndb5 d6 7.Bg5 a6 8.Na3 
b5 9.Bxf6 gxf6 10.Nd5 f5 11.c3 Bg7 12.exf5 Bxf5 13.Nc2 Be6 14.Nce3 Ne7 15.
a4 Nxd5 16.Nxd5 O-O 17.Be2 bxa4 18.Rxa4 a5 19.O-O Kh8 20.Bc4 Bd7 21.Ra1 f5
22.f4 e4 23.Qe2 Rb8 24.Rfd1 a4 25.Rd2 Qh4 26.g3 Qh6 27.Rad1 Be8 28.Qf2 Bh5
29.Re1 Be8 30.Ne3 Bc6 31.Red1 Rbd8 32.Bd5 Be8 33.Nc2 Rb8 34.Na3 Bh5 35.Re1
Rfd8 36.Nc4 Bf8 37.Ne3 Bg6 38.Be6 Rb5 39.Bc4 Rc5 40.Rd5 Rxd5 41.Bxd5 Qg7 
42.Ra1 Qd7 43.Nc2 Qb5 44.Nb4 Be8 45.Rd1 Bg7 46.Be6 a3 47.bxa3 Bxc3 48.Qe3 
Bb2 49.Rd5 Qa4 50.Bxf5 Qxa3 51.Qxe4 Qa7+ 52.Kg2 Bf7 53.Rd2 Re8 54.Qc6 
1/2-1/2

[Event "East European zonal 3 (w)"]
[Site "Balatonfoldvar HUN"]
[Date "1987.??.??"]
[Round "16"]
[White "Ciprianova-Kubikova, Hana"]
[Black "Muresan, Margareta"]
[Result "0-1"]
[WhiteElo "2145"]
[BlackElo "2310"]
[EventDate "1987.02.19"]
[PlyCount "74"]

1.e4 c5 2.Nf3 e6 3.d4 cxd4 4.Nxd4 Nc6 5.Nb5 d6 6.Bf4 e5 7.Be3 Nf6 8.N1c3 
a6 9.Na3 Be7 10.Nc4 Be6 11.Bb6 Qb8 12.Nd5 Bxd5 13.exd5 Na7 14.c3 O-O 15.
Be2 Nc8 16.Be3 Qc7 17.a4 Nd7 18.O-O f5 19.f4 exf4 20.Bxf4 Ncb6 21.Nxb6 
Qxb6+ 22.Rf2 Rae8 23.g3 Nf6 24.Kg2 Ne4 25.Rf3 Bg5 26.Qc2 Bxf4 27.gxf4 Rf6 
28.Bd3 Rg6+ 29.Kh1 Qc5 30.c4 a5 31.Raf1 Qb4 32.Re3 Qc5 33.Ree1 Qd4 34.Bxe4
Rxe4 35.Rxe4 fxe4 36.Re1 e3 37.Qe2 Qe4+ 0-1

[Event "East European zonal 3 (w)"]
[Site "Balatonfoldvar HUN"]
[Date "1987.??.??"]
[Round "16"]
[White "Stanciu, Gabriela"]
[Black "Ivanka, Maria"]
[Result "1/2-1/2"]
[WhiteElo "2245"]
[BlackElo "2290"]
[EventDate "1987.02.19"]
[PlyCount "72"]

1.Nf3 Nf6 2.c4 g6 3.Nc3 Bg7 4.d4 O-O 5.e4 d6 6.Be2 Bg4 7.O-O Nfd7 8.h3 
Bxf3 9.Bxf3 Nc6 10.Be3 e5 11.Ne2 exd4 12.Nxd4 Nxd4 13.Bxd4 Bxd4 14.Qxd4 
Ne5 15.Be2 c5 16.Qd2 Nc6 17.f4 Kg7 18.Rae1 Nd4 19.Bd3 f6 20.Qf2 Qe7 21.Qg3
Rae8 22.h4 Kh8 23.Qf2 g5 24.hxg5 fxg5 25.f5 Qe5 26.Qd2 Rg8 27.Be2 Ref8 28.
Bd1 Rf6 29.Re3 g4 30.g3 Rh6 31.Kg2 Rh3 32.Bxg4 Rh6 33.Bd1 Qf6 34.Rh1 Rxh1 
35.Kxh1 Qh6+ 36.Kg2 Re8 1/2-1/2

[Event "East European zonal 3 (w)"]
[Site "Balatonfoldvar HUN"]
[Date "1987.??.??"]
[Round "16"]
[White "Jicman, Ligia-Letitia"]
[Black "Voiska, Margarita"]
[Result "1/2-1/2"]
[WhiteElo "2220"]
[BlackElo "2305"]
[EventDate "1987.02.19"]
[PlyCount "72"]

1.e4 e6 2.d4 d5 3.Nc3 Bb4 4.e5 Ne7 5.Nf3 c5 6.Bd2 cxd4 7.Nb5 Bxd2+ 8.Qxd2 
O-O 9.Nbxd4 Nbc6 10.Bd3 Nxd4 11.Nxd4 Qc7 12.f4 Nc6 13.c3 Qb6 14.O-O-O Bd7 
15.Kb1 f6 16.exf6 Rxf6 17.Rde1 Qc7 18.g3 Re8 19.Nf3 e5 20.Nxe5 Nxe5 21.
Rxe5 Rxe5 22.fxe5 Qxe5 23.Re1 Qd6 24.Rf1 Rxf1+ 25.Bxf1 Qe5 26.Bd3 Bf5 27.
Bxf5 Qxf5+ 28.Kc1 b6 29.Qf4 Qd7 30.Kd2 h6 31.a3 Kh7 32.h4 Qb5 33.Qf5+ Kg8 
34.Qc8+ Kh7 35.Qf5+ Kg8 36.Qc8+ Kh7 1/2-1/2

[Event "East European zonal 3 (w)"]
[Site "Balatonfoldvar HUN"]
[Date "1987.??.??"]
[Round "16"]
[White "Wiese-Jozwiak, Malgorzata"]
[Black "Angelova, Pavlina"]
[Result "0-1"]
[WhiteElo "2290"]
[BlackElo "2245"]
[EventDate "1987.02.19"]
[PlyCount "90"]

1.e4 d5 2.exd5 Nf6 3.d4 Nxd5 4.Nf3 g6 5.Be2 Bg7 6.O-O O-O 7.Na3 a5 8.Nc4 
a4 9.Bd2 c5 10.dxc5 Qc7 11.Qc1 Qxc5 12.Bh6 Nc6 13.Bxg7 Kxg7 14.Re1 f6 15.
Ncd2 Bf5 16.Nh4 Qxc2 17.Nxf5+ Qxf5 18.Bf3 Rad8 19.Qc4 Nb6 20.Qe2 e5 21.
Bxc6 bxc6 22.Rac1 Nd5 23.Qe4 Qxe4 24.Rxe4 Nf4 25.Nf1 Rd4 26.Re3 Nd3 27.
Rxc6 Nxb2 28.g3 Rfd8 29.Kg2 R8d7 30.Rec3 Nd3 31.Rc7 Ne1+ 32.Kh3 Rxc7 33.
Rxc7+ Kh6 34.Ne3 f5 35.Rc6 Kg5 36.g4 fxg4+ 37.Kg3 h5 38.h3 gxh3 39.Kxh3 
Rf4 40.Rc5 Rf3+ 41.Kh2 Rxf2+ 42.Kg1 Rxa2 43.Rxe5+ Kf4 44.Re8 Nf3+ 45.Kf1 
g5 0-1

[Event "East European zonal 3 (w)"]
[Site "Balatonfoldvar HUN"]
[Date "1987.??.??"]
[Round "17"]
[White "Voiska, Margarita"]
[Black "Grosch, Maria"]
[Result "1-0"]
[WhiteElo "2305"]
[BlackElo "2220"]
[EventDate "1987.02.19"]
[PlyCount "101"]

1.d4 Nf6 2.Nf3 e6 3.c4 c5 4.g3 cxd4 5.Nxd4 Bb4+ 6.Bd2 Qb6 7.Bg2 Bc5 8.e3 
Bxd4 9.exd4 Qxd4 10.O-O O-O 11.Bb4 Qxb2 12.Qb3 Qxb3 13.axb3 d6 14.Bxd6 Rd8
15.Bc5 Nc6 16.Nc3 Bd7 17.Nb5 b6 18.Be3 Ng4 19.Bf4 a6 20.Nc7 Ra7 21.Rfd1 e5
22.Bxc6 Rxc7 23.Bxd7 Rcxd7 24.Rxd7 Rxd7 25.Rxa6 f6 26.Be3 Nxe3 27.fxe3 Rd6
28.Kf2 Kf7 29.Kf3 Ke6 30.Ra7 Rd3 31.Rxg7 Rxb3 32.Rxh7 Rc3 33.Rb7 Rxc4 34.
Rxb6+ Kf7 35.g4 Rc2 36.h4 Rh2 37.Kg3 Re2 38.Kf3 Re1 39.h5 Rg1 40.Rb7+ Kg8 
41.Ra7 Kh8 42.Ke4 Rf1 43.Kd5 Kg8 44.Ke6 Rf3 45.h6 Rxe3 46.Kxf6 Rb3 47.g5 
Rb6+ 48.Kf5 e4 49.g6 Rb8 50.h7+ Kh8 51.Kg5 1-0

[Event "East European zonal 3 (w)"]
[Site "Balatonfoldvar HUN"]
[Date "1987.??.??"]
[Round "17"]
[White "Szmacinska, Grazyna"]
[Black "Veroci-Petronic, Zsuzsa"]
[Result "1/2-1/2"]
[WhiteElo "2315"]
[BlackElo "2415"]
[EventDate "1987.02.19"]
[PlyCount "44"]

1.d4 Nf6 2.Nf3 g6 3.Bf4 Bg7 4.e3 O-O 5.h3 d6 6.c3 Nbd7 7.Be2 Qe8 8.Nbd2 e5
9.dxe5 dxe5 10.Bh2 Qe7 11.O-O Ne8 12.Nc4 e4 13.Nd4 a6 14.a4 Kh8 15.a5 Nc5 
16.Qc2 f5 17.Rfd1 Ne6 18.Nxe6 Bxe6 19.Qb3 Rb8 20.Qa3 Qxa3 21.Nxa3 Rc8 22.
Bc4 Bxc4 1/2-1/2

[Event "East European zonal 3 (w)"]
[Site "Balatonfoldvar HUN"]
[Date "1987.??.??"]
[Round "17"]
[White "Richtrova-Klimova, Eliska"]
[Black "Wiese-Jozwiak, Malgorzata"]
[Result "1-0"]
[WhiteElo "2320"]
[BlackElo "2290"]
[EventDate "1987.02.19"]
[PlyCount "103"]

1.e4 c5 2.Nc3 d6 3.g3 Nc6 4.Bg2 g6 5.d3 Bg7 6.Bg5 Qa5 7.Bd2 Qd8 8.Nh3 e6 
9.O-O Nge7 10.Qc1 Nd4 11.Bh6 O-O 12.Bxg7 Kxg7 13.Qd2 Qa5 14.f4 Bd7 15.Qf2 
Qb6 16.b3 Rae8 17.Nd1 f5 18.c3 Ndc6 19.Ne3 Qa5 20.Rac1 b5 21.Qb2 Qb6 22.
Nf2 Kg8 23.Kh1 b4 24.Nc4 bxc3 25.Qxc3 Qb8 26.Rce1 Nd4 27.Nd1 Nec6 28.Nde3 
Nb5 29.Qd2 Nbd4 30.exf5 gxf5 31.Nc2 Nxc2 32.Qxc2 Nd4 33.Qb2 Qc7 34.Qf2 Rf7
35.b4 Bc6 36.bxc5 Bxg2+ 37.Qxg2 Qxc5 38.Rb1 Nb5 39.Rfc1 Na3 40.Ne5 Qd4 41.
Nxf7 Nxb1 42.Nh6+ Kg7 43.Rc7+ Kg6 44.g4 Qd5 45.Qxd5 exd5 46.Nxf5 Re1+ 47.
Kg2 Re2+ 48.Kg3 Rxa2 49.Nh4+ Kf6 50.g5+ Ke6 51.d4 Ra3+ 52.Kg4 1-0

[Event "East European zonal 3 (w)"]
[Site "Balatonfoldvar HUN"]
[Date "1987.??.??"]
[Round "17"]
[White "Angelova, Pavlina"]
[Black "Erenska-Radzewska, Hanna"]
[Result "1/2-1/2"]
[WhiteElo "2245"]
[BlackElo "2300"]
[EventDate "1987.02.19"]
[PlyCount "115"]

1.Nf3 Nf6 2.c4 c5 3.d4 cxd4 4.Nxd4 e6 5.g3 d5 6.Bg2 e5 7.Nc2 d4 8.O-O Nc6 
9.Qd3 Be7 10.Nd2 O-O 11.e3 dxe3 12.Qxe3 Bf5 13.Ne4 Nxe4 14.Bxe4 Bc5 15.Qe2
Bxe4 16.Qxe4 f5 17.Qd5+ Qxd5 18.cxd5 Nd4 19.Nxd4 Bxd4 20.Be3 Bxe3 21.fxe3 
Rad8 22.Rad1 e4 23.Rd4 g6 24.h3 Rd6 25.g4 h6 26.gxf5 gxf5 27.Kf2 Kg7 28.
Rc1 Rf7 29.Rg1+ Kh7 30.Ke2 Rfd7 31.Rgd1 Kg7 32.Ra4 a6 33.Rc4 Kf6 34.a4 Ke5
35.Rc5 h5 36.Rc8 Rd8 37.Rc7 R6d7 38.d6 Ke6 39.Kf2 b6 40.Kg3 Rxd6 41.Rxd6+ 
Kxd6 42.Rb7 Ke5 43.Rxb6 Rd3 44.Kf2 f4 45.exf4+ Kxf4 46.Rf6+ Ke5 47.Rxa6 
Rd2+ 48.Ke3 Rd3+ 49.Ke2 Rb3 50.h4 Rxb2+ 51.Ke3 Rb3+ 52.Ke2 Rb2+ 53.Ke3 
Rb3+ 54.Ke2 Rh3 55.Ra8 Rxh4 56.a5 Rh2+ 57.Ke3 Rh3+ 58.Ke2 1/2-1/2

[Event "East European zonal 3 (w)"]
[Site "Balatonfoldvar HUN"]
[Date "1987.??.??"]
[Round "17"]
[White "Porubszky, Maria"]
[Black "Stanciu, Gabriela"]
[Result "1/2-1/2"]
[WhiteElo "2240"]
[BlackElo "2245"]
[EventDate "1987.02.19"]
[PlyCount "108"]

1.e4 e5 2.Nf3 Nc6 3.d4 exd4 4.Nxd4 Bc5 5.Nxc6 bxc6 6.Nc3 Qf6 7.f4 Nh6 8.
Qf3 d5 9.h3 O-O 10.Be2 Re8 11.e5 Qe7 12.Na4 Nf5 13.Nxc5 Qxc5 14.c3 Qe7 15.
Qf2 a5 16.g4 Nh4 17.Be3 Ng6 18.Bc5 Qh4 19.Qxh4 Nxh4 20.Kd2 g5 21.fxg5 Ng6 
22.Rae1 Nxe5 23.Rhf1 Be6 24.Bf2 Nd7 25.Bg3 Reb8 26.Kc1 Rb7 27.Bd3 Rab8 28.
Rf2 Nc5 29.Bc2 Rxb2 30.Bxc7 R8b7 31.Bxa5 Nd3+ 32.Bxd3 Rxf2 33.Bc2 Rh2 34.
Bd8 Rxh3 35.Bf6 Ra7 36.a4 Kf8 37.Bd4 Ra6 38.Kb2 Ke8 39.Kb3 Kd7 40.Kb4 Bxg4
41.a5 Ra8 42.Ba4 Be6 43.Ra1 Rh4 44.Kc5 Ra6 45.Bc2 Rh3 46.Kb4 Kd6 47.Bc5+ 
Kc7 48.Bd4 Ra8 49.Be5+ Kb7 50.Kc5 Ra6 51.Rb1+ Kc8 52.Rb8+ Kd7 53.Rb7+ Kc8 
54.Rb8+ Kd7 1/2-1/2

[Event "East European zonal 3 (w)"]
[Site "Balatonfoldvar HUN"]
[Date "1987.??.??"]
[Round "17"]
[White "Baumstark, Gertrude"]
[Black "Ciprianova-Kubikova, Hana"]
[Result "1/2-1/2"]
[WhiteElo "2080"]
[BlackElo "2145"]
[EventDate "1987.02.19"]
[PlyCount "53"]

1.e4 c5 2.Nf3 d6 3.d4 cxd4 4.Nxd4 Nf6 5.Nc3 a6 6.Be2 e6 7.O-O Be7 8.f4 O-O
9.Kh1 Qc7 10.a4 Nc6 11.Be3 Re8 12.Bd3 Nxd4 13.Bxd4 e5 14.Be3 Be6 15.Qf3 
Rac8 16.fxe5 dxe5 17.Bg5 Rcd8 18.Bxf6 Bxf6 19.Nd5 Bxd5 20.exd5 Rd6 21.c4 
b6 22.Rac1 Qe7 23.Qe4 g6 24.b4 Red8 25.Bc2 Bg5 26.Rce1 Rf6 27.Rxf6 1/2-1/2

[Event "East European zonal 3 (w)"]
[Site "Balatonfoldvar HUN"]
[Date "1987.??.??"]
[Round "17"]
[White "Ivanka, Maria"]
[Black "Jicman, Ligia-Letitia"]
[Result "1/2-1/2"]
[WhiteElo "2290"]
[BlackElo "2220"]
[EventDate "1987.02.19"]
[PlyCount "61"]

1.e4 c5 2.Nc3 Nc6 3.g3 g6 4.Bg2 Bg7 5.d3 d6 6.f4 e6 7.Nf3 Nge7 8.O-O O-O 
9.Be3 Nd4 10.Bf2 b6 11.Nxd4 cxd4 12.Ne2 e5 13.c3 dxc3 14.bxc3 Bb7 15.Qb3 
Kh8 16.Rad1 f6 17.g4 Qe8 18.f5 Rd8 19.c4 Nc6 20.Be3 Rf7 21.Qb2 Qf8 22.Qd2 
Nb8 23.Rf3 Nd7 24.h4 Nc5 25.Rh3 Kg8 26.Rh2 Qe7 27.Bh3 b5 28.cxb5 d5 29.Qb4
Bf8 30.exd5 Rxd5 31.Bg2 1/2-1/2

[Event "East European zonal 3 (w)"]
[Site "Balatonfoldvar HUN"]
[Date "1987.??.??"]
[Round "17"]
[White "Muresan, Margareta"]
[Black "Madl, Ildiko"]
[Result "1/2-1/2"]
[WhiteElo "2320"]
[BlackElo "2350"]
[EventDate "1987.02.19"]
[PlyCount "126"]

1.Nf3 Nf6 2.c4 e6 3.g3 d5 4.Bg2 Be7 5.b3 O-O 6.O-O c5 7.Bb2 Nc6 8.e3 b6 9.
Nc3 dxc4 10.bxc4 Bb7 11.Qe2 Rc8 12.Rfd1 Rc7 13.d3 Qa8 14.Rab1 Rd8 15.Ne1 
Rcd7 16.f4 Ne8 17.Ne4 Nb4 18.Nf2 Bxg2 19.Nxg2 Bf6 20.Bxf6 Nxf6 21.a3 Nc6 
22.g4 Ne7 23.Nh4 Ne8 24.Nf3 Nc6 25.g5 Nd6 26.Ng4 Nf5 27.Rd2 Rd6 28.Rf1 Qc8
29.Nfe5 Rf8 30.Qf3 Nce7 31.Qh3 Ng6 32.e4 Nd4 33.Nf6+ gxf6 34.gxf6 Qd8 35.
Rg2 Qxf6 36.Nxg6 fxg6 37.e5 Qe7 38.exd6 Qxd6 39.Qe3 Nf5 40.Qe4 Rd8 41.Re2 
Nd4 42.Rd2 Rf8 43.Rg2 Kg7 44.h4 Rf5 45.Rg5 Kf6 46.Rf2 h6 47.Rg4 Nc6 48.Kf1
Ne7 49.Kg2 Qd7 50.Re2 Qd6 51.Rf2 Qd7 52.Rf3 Kf7 53.Rfg3 Qd4 54.Qb7 Qb2+ 
55.Kh3 Qf2 56.Rxg6 Qf1+ 57.Kh2 Qf2+ 58.Kh3 Qf1+ 59.Rg2 Qh1+ 60.Kg3 Qe1+ 
61.Kh3 Qh1+ 62.Kg3 Qe1+ 63.Kh3 Qh1+ 1/2-1/2